000 002940000a22000970004500
100 1 _aPanoto, Alfredo
245 1 0 _a¿Puede un ciego profundizar en el estudio de la Biblia? : "Ahora veo"
300 _aVol. 53, Núm 234 (1998), Páginas 20-22
773 0 _tLa Biblia de las Américas
942 _cANA
999 _c51453
_d51453